The Lord of the Rings Franchise - Statistics

General Stats
  • This quiz has been taken 45 times
  • The average score is 32 of 121
Answer Stats
Type Year Name Info % Correct
TV Film 1977 The Hobbit NBC
97%
Video Game 1982 The Hobbit Melbourne House
97%
Film 1985 The Hobbit Lentelefilm
97%
Video Game 2003 The Hobbit Sierra Entertainment
97%
Novel 1937 The Hobbit, or There and Back Again J. R. R. Tolkien
97%
Video Game 1992 J.R.R. Tolkien's The Lord of the Rings, Vol. II: The Two Towers Interplay Productions
94%
Film 2003 The Lord of the Rings: The Return of the King New Line Cinema
94%
Video Game 2003 The Lord of the Rings: The Return of the King EA
94%
Film 2002 The Lord of the Rings: The Two Towers New Line Cinema
94%
Video Game 2002 The Lord of the Rings: The Two Towers EA
94%
Novel 1955 The Return of the King J. R. R. Tolkien
94%
TV Film 1979 The Return of the King ABC
94%
Novel 1954 The Two Towers J. R. R. Tolkien
94%
Video Game 1994 The Two Towers ????
94%
Novel 1954 The Fellowship of the Ring J. R. R. Tolkien
89%
Film 2001 The Lord of the Rings: The Fellowship of the Ring New Line Cinema
89%
Video Game 2002 The Lord of the Rings: The Fellowship of the Ring Black Label Games
89%
Radio Series 1955-1956 The Lord of the Rings BBC Radio
74%
Radio Series Early 1960s The Lord of the Rings WBAI-FM
74%
Film 1978 The Lord of the Rings United Artists
74%
Radio Series 1979 The Lord of the Rings NPR
74%
Radio Series 1981 The Lord of the Rings BBC Radio 4
74%
Radio Series 1992 The Lord of the Rings SDR / WDR
74%
Radio Series 2001-2003 The Lord of the Rings Slovak Radio / Rádio Twist
74%
Web Series 2021 The Lord of the Rings Amazon Prime Video
74%
Musical 2009 Fellowship! Allen Simpson
71%
Video Game 1990 J.R.R. Tolkien's The Lord of the Rings, Vol. I Interplay Productions
69%
Video Game 1994 J.R.R. Tolkien's The Lord of the Rings, Vol. I Interplay Productions
69%
Film 2014 The Hobbit: The Battle of the Five Armies Warner Bros.
57%
Film 2013 The Hobbit: The Desolation of Smaug Warner Bros.
57%
Collection 1977 The Silmarillion J. R. R. Tolkien
57%
Board Game 2000 Lord of the Rings Kosmos / Wizards of the Coast / Parker Brothers / 999 Games
54%
Musical 2006 Lord of the Rings A. R. Rahman / Christopher Nightingale / Värttinä
54%
Film 2012 The Hobbit: An Unexpected Journey Warner Bros.
51%
Video Game Expansion Pack 2017 The Lord of the Rings Online: Mordor Daybreak Game Company
37%
Video Game 2014 Middle-earth: Shadow of Mordor Warner Bros. Interactive
34%
Video Game 2021 The Lord of the Rings: Gollum Daedalic Entertainment
29%
Video Game 2012 Lego The Lord of the Rings Warner Bros. Interactive / Feral Interactive
26%
Video Game 2017 Middle-earth: Shadow of War Warner Bros. Interactive
26%
Collection 1980 Unfinished Tales of Númenor and Middle-earth J. R. R. Tolkien
26%
Video Game 2014 Lego The Hobbit Warner Bros. Interactive / Feral Interactive
23%
Novel 2007 The Children of Húrin J. R. R. Tolkien
23%
Novel 2017 Beren and Lúthien J. R. R. Tolkien
20%
Video Game 2007 The Lord of the Rings Online Midway Games / Warner Bros. Interactive / Daybreak Game Company
14%
Video Game 2004 The Lord of the Rings: The Battle for Middle-earth EA
11%
Video Game 2006 The Lord of the Rings: The Battle for Middle-earth II EA
11%
Collection 2018 The Fall of Gondolin J. R. R. Tolkien
9%
Video Game Expansion Pack 2006 The Lord of the Rings: The Battle for Middle-earth II: The Rise of the Witch-king EA
9%
Video Game 2011 The Lord of the Rings: War in the North Warner Bros. Interactive / Feral Interactive
9%
Non-Fiction Book 1983 The Book of Lost Tales, Part I J. R. R. Tolkien
6%
Non-Fiction Book 1984 The Book of Lost Tales, Part II J. R. R. Tolkien
6%
Fan Film 2009 The Hunt for Gollum Independent Online Cinema
6%
Video Game 2009 The Lord of the Rings: Conquest EA
6%
Video Game 2004 The Lord of the Rings: The Third Age EA
6%
Video Game 2003 The Lord of the Rings: War of the Ring Sierra Entertainment
6%
Non-Fiction Book 1990 The War of the Ring J. R. R. Tolkien
6%
Board Game 1977 War of the Ring Simulations Publications, Inc.
6%
Board Game 2004 War of the Ring Ares Games
6%
Poem 1973 Bilbo's Last Song J. R. R. Tolkien
3%
Video Game 2012 Guardians of Middle-earth Warner Bros. Interactive
3%
TV Mini-Series 1993 Hobitit Yle TV1
3%
Video Game 1991 J. R. R. Tolkien's Riders of Rohan Personal Software Services
3%
Video Game 1985 Lord of the Rings: Game One Melbourne House
3%
Board Game 2003 Risk: The Lord of the Rings Trilogy Edition Hasbro
3%
Video Game 1987 Shadows of Mordor: Game Two of Lord of the Rings Melbourne House
3%
Video Game 1989 The Crack of Doom Melbourne House
3%
Video Game 2013 The Hobbit: The Desolation of Smaug - Orc Attack Warner Bros. Interactive
3%
Non-Fiction Book 1985 The Lays of Beleriand
3%
Collection 1981 The Letters of J. R. R. Tolkien J. R. R. Tolkien
3%
Video Game 2018 The Lord of the Rings: Adventure Card Game Asmodee Digital
3%
Video Game 2010 The Lord of the Rings: Aragorn's Quest Warner Bros. Interactive
3%
Video Game Expansion Pack 2013 The Lord of the Rings Online: Helm's Deep Turbine, Inc.
3%
Video Game Expansion Pack 2019 The Lord of the Rings Online: Minas Morgul Daybreak Game Company
3%
Video Game Expansion Pack 2008 The Lord of the Rings Online: Mines of Moria Turbine, Inc. / Warner Bros. Interactive / Codemasters
3%
Video Game Expansion Pack 2012 The Lord of the Rings Online: Riders of Rohan Turbine, Inc.
3%
Video Game Expansion Pack 2011 The Lord of the Rings Online: Rise of Isengard Turbine, Inc.
3%
Video Game Expansion Pack 2009 The Lord of the Rings Online: Siege of Mirkwood Turbine, Inc.
3%
Video Game 2005 The Lord of the Rings: Tactics EA
3%
Card Game 2011 The Lord of the Rings: The Card Game Fantasy Flight Games
3%
Card Game 2001 The Lord of the Rings Trading Card Game Decipher, Inc.
3%
Non-Fiction Book 1996 The Peoples of Middle-earth J. R. R. Tolkien
3%
Song Cycle 1967 The Road Goes Ever On J. R. R. Tolkien / Donald Swann
3%
Non-Fiction Book 1989 The Treason of Isengard J. R. R. Tolkien
3%
Non-Fiction Book 1994 The War of the Jewels J. R. R. Tolkien
3%
Video Game 1988 War in Middle Earth Melbourne House
3%
Role-Playing Game 2016 Adventures in Middle-earth Cubicle 7
0%
Novella 1969 Bored of the Rings Henry N. Beard / Douglas C. Kenney
0%
Video Game 1985 Bored of the Rings Delta 4 / CRL Group
0%
Fan Film 2009 Born of Hope: The Ring of Barahir Dailymotion
0%
Radio Series 1991-1992 Der Herr der Ringe Südwestrundfunk / Westdeutscher Rundfunk
0%
Video Game 1991 Elendor ????
0%
Radio Series 1999-2000 Eventyret om Ringen Danmarks Radio
0%
Board Game 1977 Gondor: The Siege of Minas Tirith Simulations Publications, Inc.
0%
Radio Series 1980 Hordes of the Things BBC Radio 4
0%
Film 1991 Khraniteli ????
0%
Role-Playing Game 1991 Lord of the Rings Adventure Game Icon Crown Enterprises
0%
Card Game 1995 Middle-earth Collectible Card Game Icon Crown Enterprises
0%
Role-Playing Game 1984 Middle-earth Role Playing Icon Crown Enterprises
0%
Non-Fiction Book 1993 Morgoth's Ring J. R. R. Tolkien
0%
Novel 2003 Muddle Earth Paul Stewart
0%
Video Game 1992 MUME ????
0%
TV Film 1971 Sagan om Ringen SVT1
0%
Board Game 1977 Sauron Simulations Publications, Inc.
0%
Non-Fiction Book 1992 Sauron Defeated J. R. R. Tolkien
0%
Video Game 1986 The Boggit: Bored Too CRL Group
0%
Non-Fiction Book 2007 The History of The Hobbit J. R. R. Tolkien / John D. Rateliff
0%
Video Game 2013 The Hobbit: An Unexpected Journey - A Journey through Middle-earth Warner Bros. Interactive
0%
Video Game 2013 The Hobbit: Armies of the Third Edge Warner Bros. Interactive
0%
Video Game 2014 The Hobbit: Battle of the Five Armies - Fight for Middle-earth Warner Bros. Interactive
0%
Video Game 2012 The Hobbit: Kingdoms of Middle-earth Warner Bros. Interactive
0%
Novel 1999 The Last Ringbearer Kirill Eskov
0%
Video Game 1983 The Lord of the Rings: Journey to Rivendell Parker Brothers
0%
Video Game 2014 The Lord of the Rings: Legends of Middle-earth Warner Bros. Interactive
0%
Video Game 2010 The Lord of the Rings: Middle-earth Defense Warner Bros. Interactive
0%
Role-Playing Game 2002 The Lord of the Rings Roleplaying Game Decipher, Inc.
0%
Board Game 2001 The Lord of the Rings Strategy Battle Game Games Workshop
0%
Video Game 2004 The Lord of the Rings: Warrior of Middle-Earth Hasbro
0%
Non-Fiction Book 1987 The Lost Road and Other Writings - Language and Legend Before 'The Lord of the Rings' J. R. R. Tolkien
0%
Role-Playing Game 2011 The One Ring: Adventures over the Edge of the Wild Cubicle 7
0%
Non-Fiction Book 1988 The Return of the Shadow J. R. R. Tolkien
0%
Non-Fiction Book 1986 The Shaping of Middle-earth - The Quenta, The Ambarkanta and The Annals J. R. R. Tolkien
0%
No matching quizzes found
Score Distribution
Percent of People with Each Score
Percentile by Number Answered
Your Score History
You have not taken this quiz